| 000 | 00403nam a22001457a 4500 | ||
|---|---|---|---|
| 008 | 191212b xxu||||| |||| 00| 0 eng d | ||
| 020 | _a9781492664949 | ||
| 050 |
_aL 901 _b.F541 2019 |
||
| 100 | _aFiske, Edward B. | ||
| 245 |
_aFiske guide to colleges 2020/ _cEdward B. Fiske |
||
| 250 | _a36th ed. | ||
| 260 |
_aIllinois: _bSourcebooks _c2019. |
||
| 300 |
_axl, 817 p. ; _c27 cm. |
||
| 942 |
_2lcc _cBK |
||
| 999 |
_c362873 _d362873 |
||